000 00309nam a2200133 a 4500
001 5222
003 CDMR
005 20130116135306.0
008 130130s2010||||||||||||||||||||||||||||d
040 _aCDMR
_bcat
_cCPC GIRONA
245 0 _aMemòria Curs Acadèmic 08-09
260 _c2010
_bUdG Formació
942 _cMON
999 _c5222
_d5222